Wielki quiz piłkarski! - Statystyki

Ogólne statystyki
  • Ten quiz został rozwiązany 159 razy
  • Średni wynik to 8 z 15
Statystyki odpowiedzi
Zagadnienie Odpowiedź % Poprawnych
Kto zdobył Złotą Piłkę w 2000 roku? Luis Figo
83%
Który z podanych klubów najwięcej razy zdobył Ligę Mistrzów w całej historii tych rozgrywek? AC Milan
67%
Który z tych holenderskich klubów nigdy nie zdobył Ligi Mistrzów? AZ Alkmaar
67%
Który z podanych reprezentacji wygrała Mistrzostwa Świata w 2002 roku? Brazylia
67%
Która z podanych reprezentacji wygrała Mistrzostwa Europy w 2008 roku? Hiszpania
67%
Który z podanych klubów wygrał Ligę Mistrzów w sezonie 2007/2008? Manchester United
67%
Jakim wynikiem zakończył się finał Ligi Mistrzów w sezonie 2009/2010 pomiędzy Interem Mediolan, a Bayernem Monachium? 2:0 dla Interu
50%
Ile nagród w postaci Złotego Buta posiada w swojej kolekcji Cristiano Ronaldo? 4
50%
Który z podanych zdobył Złotego Buta w sezonie 2008/2009? Diego Forlan
50%
Kto zdobył tytuł Golden Boy w 2019 roku? João Félix
50%
Ile złotych piłek Lionel Messi posiada w swojej kolekcji? 6
33%
Który z tych piłkarzy ma na swoim koncie najwięcej występów? (Klub + Reprezentacja) Gianluigi Buffon
33%
Który z tych piłkarzy gra najdłużej w obecnym klubie? (Licząc tylko pierwszą drużynę) Igor Akinfeev
33%
Która z podanych reprezentacji wygrała Copa America w 2011 roku? Urugwaj
33%
Który z podanych piłkarzy ma najwięcej występów w historii FC Barcelony? Xavi Hernandez
17%
Nie znaleziono quizów pasujących do podanych kryteriów
Rozkład punktacji
Procent ludzi z każdym wynikiem
Percentyl według liczby udzielonych odpowiedzi
Twoja historia wyników
Nie rozwiązałeś tego quizu